[Event "Ontario op"]
[Site "Brantford CAN"]
[Date "2025.05.19"]
[Round "6"]
[White "Khaledi, Omid"]
[Black "Xu, Leon"]
[Result "1-0"]
[WhiteElo "2295"]
[BlackElo "2210"]
[WhiteFideId "-1"]
[WhiteFideId "-1"]
[PlyCount "99"]
[GameId "2189680559469445"]
[EventDate "2025.05.17"]
[EventType "swiss"]
[EventRounds "6"]
[EventCountry "CAN"]

1. d4 d5 2. Nf3 Nf6 3. c4 c6 4. Nc3 e6 5. Bg5 Be7 6. e3 h6 7. Bxf6 Bxf6 8. Bd3 Nd7 9. Qe2 dxc4 10. Bxc4 b5 11. Bd3 Bb7 12. O-O a6 13. Ne4 O-O 14. Rac1 Be7 15. Bb1 Qe8 16. Ne5 Nxe5 17. dxe5 c5 18. Nxc5 Bd5 19. Nd3 g6 20. Qg4 Bc4 21. Rfd1 Kg7 22. Nf4 Bg5 23. b3 Bxf4 24. Qxf4 Bd5 25. Qf6+ Kg8 26. h4 Ra7 27. h5 Qe7 28. hxg6 Qxf6 29. exf6 fxg6 30. e4 Ba8 31. e5 Kf7 32. Rd6 Bd5 33. Bd3 Rb8 34. Rc5 g5 35. Be2 Kg8 36. Bg4 Kf7 37. Bh5+ Kf8 38. Rcxd5 exd5 39. e6 a5 40. Rxd5 a4 41. Re5 Re7 42. fxe7+ Kxe7 43. b4 Rc8 44. Rxb5 Rc1+ 45. Kh2 Rc4 46. Bf7 a3 47. Rb7+ Kf6 48. b5 Rc2 49. Bg8 Rxa2 50. Rf7+ 1-0

[Event "Ontario op"]
[Site "Brantford CAN"]
[Date "2025.05.19"]
[Round "6"]
[White "Kola, Venkat Karthikeya R"]
[Black "Huang, Patrick"]
[Result "1/2-1/2"]
[Annotator "GMPat"]
[WhiteElo "2159"]
[BlackElo "2046"]
[WhiteFideId "-1"]
[WhiteFideId "-1"]
[PlyCount "115"]
[GameId "2190491449144203"]
[EventDate "2025.05.17"]
[EventType "swiss"]
[EventRounds "6"]
[EventCountry "CAN"]

{[%evp 0,24,19,26,13,12,13,17,16,11,22,18,9,-54,9,-23,-26,-28,-25,-19,-19,-71,-40,-81,-16,-18,-13]} 1. d4 Nf6 2. c4 e6 3. Nc3 Bb4 4. e3 O-O 5. Nf3 d5 6. Bd2 c5 7. Bd3 cxd4 8. exd4 dxc4 9. Bxc4 Nc6 10. a3 Bxc3 11. bxc3 Ne4 12. Bd3 Nxd2 13. Qxd2 b6 14. O-O Bb7 15. Rfe1 Rc8 16. Rad1 Na5 17. Ne5 Bd5 18. Bc2 Nc4 19. Nxc4 Rxc4 20. Re3 Rc7 21. Qe2 Qf6 22. Bd3 Rfc8 23. Ba6 Bc4 24. Bxc4 Rxc4 25. d5 Rxc3 26. dxe6 Rxe3 27. exf7+ Qxf7 28. Qxe3 Re8 29. Qd3 Qe6 30. h3 h6 31. Qg3 Kh8 32. h4 Rf8 33. Rc1 Rc8 34. Rd1 Rf8 35. Kh2 Qf5 36. f3 Rf7 37. Rd8+ Rf8 38. Rd4 Rf7 39. Re4 Kh7 40. a4 Kg8 41. Re8+ Kh7 42. Re4 Kg8 43. Qe1 Kh7 44. Qe3 Kg8 45. Qb3 Kh7 46. Qc4 Qd7 47. Qe2 Qd6+ 48. Kg1 Rf4 49. Qc2 Rxe4 50. Qxe4+ Qg6 51. Qb7 Qb1+ 52. Kh2 Qb4 53. Qxa7 Qxh4+ 54. Kg1 Qe1+ 55. Kh2 Qh4+ 56. Kg1 Qe1+ 57. Kh2 Qh4+ 58. Kg1 1/2-1/2

[Event "Ontario op"]
[Site "Brantford CAN"]
[Date "2025.05.19"]
[Round "6"]
[White "Malakar, Saarthak"]
[Black "Lu, Tony"]
[Result "0-1"]
[WhiteElo "2081"]
[BlackElo "2195"]
[WhiteFideId "-1"]
[WhiteFideId "-1"]
[PlyCount "106"]
[GameId "2190954202604564"]
[EventDate "2025.05.17"]
[EventType "swiss"]
[EventRounds "6"]
[EventCountry "CAN"]

1. d4 d5 2. Nf3 Nf6 3. g3 e6 4. Bg2 b5 5. a4 b4 6. c4 bxc3 7. Nxc3 Ba6 8. O-O Nbd7 9. a5 Bd6 10. Qa4 Rb8 11. Ne5 Rb4 12. Qc2 Nxe5 13. dxe5 Bxe5 14. Nxd5 Rc4 15. Nxf6+ Qxf6 16. Qb1 O-O 17. Be4 Rb4 18. Bxh7+ Kh8 19. Bd3 Bxb2 20. Ra2 Bc3 21. Qc2 Bxd3 22. Qxd3 Rd8 23. Qa6 Rb1 24. Be3 Rxf1+ 25. Kxf1 Qf5 26. Bd2 Bxd2 27. Qc4 Qd5 28. Qh4+ Kg8 29. e4 Qb5+ 30. Kg2 Bg5 31. Qg4 Bf6 32. h4 g6 33. a6 Bg7 34. Rc2 c6 35. e5 Qxe5 36. Kh2 c5 37. Qf3 Qc7 38. h5 gxh5 39. Qxh5 c4 40. Qg5 Rd5 41. Qg4 c3 42. Qe2 Qc6 43. Kg1 Ra5 44. Rc1 Qxa6 45. Qd1 Rd5 46. Qb3 Rd8 47. Kh2 Qc6 48. Kg1 a5 49. Kh2 a4 50. Qb4 Ra8 51. Qa3 Ra5 52. g4 Qf3 53. Qd6 Be5+ 0-1

[Event "Ontario op"]
[Site "Brantford CAN"]
[Date "2025.05.19"]
[Round "6"]
[White "Pitre, Lucas"]
[Black "Tseng, Bradley"]
[Result "0-1"]
[Annotator "GMPat"]
[WhiteElo "2076"]
[BlackElo "1939"]
[WhiteFideId "-1"]
[WhiteFideId "-1"]
[PlyCount "146"]
[GameId "2190686712859930"]
[EventDate "2025.05.17"]
[EventType "swiss"]
[EventRounds "6"]
[EventCountry "CAN"]

{[%evp 0,77,15,23,12,-2,-3,-14,-20,0,24,3,10,21,26,30,30,65,67,87,87,75,73,73,75,69,75,60,116,57,98,145,141,130,142,43,-32,43,65,47,50,66,-13,46,-23,28,26,93,22,68,8,3,11,39,32,8,14,6,11,-8,1,2,14,-49,16,-97,-6,-11,133,11,10,-62,211,-73,220,53,26,37,105,71]} 1. Nf3 d5 2. g3 c5 3. Bg2 Nc6 4. d4 Bg4 5. O-O Bxf3 6. Bxf3 Nxd4 7. Bg2 e6 8. c4 Nf6 9. Nc3 Be7 10. e3 Nc6 11. cxd5 exd5 12. Nxd5 Nxd5 13. Bxd5 Qc7 14. Qa4 Rc8 15. Bd2 O-O 16. Bc3 Bd6 17. Bxc6 Qxc6 18. Qg4 f6 19. Rfd1 Rcd8 20. Qe6+ Kh8 21. Rd2 Rfe8 22. Qd5 Qxd5 23. Rxd5 Be7 24. Rad1 Rxd5 25. Rxd5 Rd8 26. Rxd8+ Bxd8 27. e4 Kg8 28. f4 Kf7 29. Kf2 b5 30. b3 g6 31. Kf3 Bc7 32. a4 c4 33. bxc4 bxa4 34. Bb4 Ke6 35. Ke3 f5 36. e5 g5 37. Kd4 gxf4 38. gxf4 Bd8 39. c5 Be7 40. Kc4 a6 41. Ba3 h5 42. Kb4 Kd5 43. Kxa4 Kc6 44. Ka5 Bf8 45. Kxa6 Bh6 46. Bc1 Kxc5 47. Kb7 Kd5 48. Kc7 Ke6 49. Kc6 Bf8 50. Bd2 Be7 51. Kb5 Bh4 52. Kc4 Bf2 53. Kd3 Bc5 54. Ba5 Be7 55. Ke3 Bc5+ 56. Kd3 Bg1 57. h3 Bf2 58. Bd8 Bg3 59. Bg5 Be1 60. Kc4 Bf2 61. Kb5 Be1 62. Kb6 Bb4 63. Bh4 Bd2 64. Bg3 Be3+ 65. Kc7 h4 66. Bh2 Bf2 67. Kc6 Bg3 68. Bg1 Bxf4 69. Kc5 Kxe5 70. Kc4 Ke4 71. Kc3 Kf3 72. Kd3 Kg2 73. Be3 Bxe3 0-1

[Event "Ontario op"]
[Site "Brantford CAN"]
[Date "2025.05.19"]
[Round "6"]
[White "Trofimov-Malyshkin, Valentyn"]
[Black "Zhao, Jifan"]
[Result "1/2-1/2"]
[WhiteElo "2184"]
[BlackElo "2074"]
[WhiteFideId "-1"]
[WhiteFideId "-1"]
[PlyCount "65"]
[GameId "2190349530342210"]
[EventDate "2025.05.17"]
[EventType "swiss"]
[EventRounds "6"]
[EventCountry "CAN"]

1. d4 d5 2. c4 dxc4 3. Nc3 e5 4. d5 c6 5. e4 Nf6 6. Bg5 Bb4 7. Bxf6 Qxf6 8. Bxc4 O-O 9. Nf3 Bg4 10. O-O Bxc3 11. bxc3 cxd5 12. Bxd5 Nc6 13. Rb1 Rab8 14. h3 Bxf3 15. Qxf3 Qxf3 16. gxf3 Na5 17. Rb5 b6 18. Bb3 Nxb3 19. axb3 Rbc8 20. c4 f6 21. Ra1 Rc7 22. Kf1 Kf7 23. Ke2 Rd8 24. Rd5 Rxd5 25. exd5 a5 26. Ke3 Ke7 27. Kd3 Kd6 28. Kc3 Kc5 29. Ra4 Ra7 30. Kd3 Rc7 31. Kc3 Ra7 32. Kd3 Rc7 33. Kc3 1/2-1/2

[Event "Ontario op"]
[Site "Brantford CAN"]
[Date "2025.05.19"]
[Round "6"]
[White "Yin, Zeming"]
[Black "Lin, Austin"]
[Result "0-1"]
[WhiteElo "1980"]
[BlackElo "2030"]
[WhiteFideId "-1"]
[WhiteFideId "-1"]
[PlyCount "130"]
[GameId "2190616621017470"]
[EventDate "2025.05.17"]
[EventType "swiss"]
[EventRounds "6"]
[EventCountry "CAN"]

1. e4 c5 2. Nf3 e6 3. c3 Nf6 4. e5 Nd5 5. d4 cxd4 6. cxd4 d6 7. Bc4 Nc6 8. Qe2 dxe5 9. dxe5 Be7 10. O-O Nb6 11. Bd3 Bd7 12. Nc3 Nb4 13. Be4 Bc6 14. Rd1 Qb8 15. Bf4 Bxe4 16. Nxe4 O-O 17. Bg5 N4d5 18. Bxe7 Nxe7 19. Nd6 Nbd5 20. Qe4 h6 21. a4 Qc7 22. a5 Rad8 23. Rdc1 Qb8 24. Nd4 b6 25. a6 Rd7 26. Ra4 Rc7 27. Rac4 Rxc4 28. Rxc4 Nc7 29. Qb7 Ncd5 30. b4 g5 31. b5 Kg7 32. Nc6 Nxc6 33. Rxc6 Kg6 34. Qxb8 Rxb8 35. Rc8 Rxc8 36. Nxc8 Kf5 37. Nxa7 Nc7 38. Nc8 Nxb5 39. a7 Nxa7 40. Nxa7 Kxe5 41. Kf1 f5 42. Ke2 h5 43. Kd3 f4 44. Nc6+ Kf5 45. Kc4 Ke4 46. Nb4 g4 47. Nc2 b5+ 48. Kc3 h4 49. Kd2 e5 50. Ke2 Kd5 51. f3 gxf3+ 52. Kxf3 Kc4 53. Na3+ Kb4 54. Nxb5 Kxb5 55. Ke4 Kc5 56. h3 Kd6 57. Kf3 Kd5 58. Kg4 Kd4 59. Kxh4 e4 60. Kg4 e3 61. Kxf4 e2 62. g4 e1=Q 63. Kg5 Qe7+ 64. Kh5 Ke5 65. h4 Kf4 0-1

[Event "Ontario op"]
[Site "Brantford CAN"]
[Date "2025.05.19"]
[Round "6"]
[White "Zhang, Daniel"]
[Black "Deshpande, Sarthak"]
[Result "1-0"]
[WhiteElo "2135"]
[BlackElo "2035"]
[WhiteFideId "-1"]
[WhiteFideId "-1"]
[PlyCount "127"]
[GameId "2190954202604565"]
[EventDate "2025.05.17"]
[EventType "swiss"]
[EventRounds "6"]
[EventCountry "CAN"]

1. e4 c6 2. d4 d5 3. Nc3 dxe4 4. Nxe4 Nf6 5. Nxf6+ exf6 6. c3 Bd6 7. Bd3 O-O 8. Qc2 Re8+ 9. Ne2 h5 10. Bd2 Nd7 11. O-O-O Nf8 12. Kb1 Be6 13. Ng3 g6 14. Ne4 Be7 15. h4 f5 16. Ng5 Rc8 17. Be3 b5 18. Nxe6 Nxe6 19. g3 Rb8 20. Be2 a5 21. Bf3 Qc7 22. d5 cxd5 23. Bxd5 Bd6 24. Rhe1 a4 25. a3 Kh7 26. Bc1 f4 27. Bxe6 Rxe6 28. Rxe6 fxe6 29. g4 hxg4 30. h5 Rg8 31. Rh1 Qc5 32. hxg6+ Kg7 33. Rh7+ Kf8 34. Bxf4 Bxf4 35. Rf7+ Ke8 36. Rxf4 Qg5 37. Rb4 Rxg6 38. Rxb5 Qxb5 39. Qxg6+ Ke7 40. Qg7+ Kd6 41. Qd4+ Qd5 42. Qxg4 Qh1+ 43. Ka2 Qd5+ 44. c4 Qd3 45. Qg3+ Qxg3 46. fxg3 Kc5 47. b4+ Kxc4 48. Kb2 Kd3 49. b5 e5 50. b6 e4 51. b7 e3 52. b8=Q e2 53. Qb5+ Kd2 54. Qxe2+ Kxe2 55. g4 Kf3 56. g5 Kg4 57. g6 Kh5 58. g7 Kh6 59. g8=Q Kh5 60. Kc3 Kh6 61. Kd4 Kh5 62. Ke4 Kh6 63. Kf5 Kh5 64. Qg5# 1-0

[Event "Ontario op"]
[Site "Brantford CAN"]
[Date "2025.05.19"]
[Round "6"]
[White "Zhou Chen, Larry"]
[Black "Belanger, Colton"]
[Result "1-0"]
[WhiteElo "2066"]
[BlackElo "2013"]
[WhiteFideId "-1"]
[WhiteFideId "-1"]
[PlyCount "55"]
[GameId "2189119517507648"]
[EventDate "2025.05.17"]
[EventType "swiss"]
[EventRounds "6"]
[EventCountry "CAN"]

1. d4 d6 2. c4 e5 3. e4 exd4 4. Qxd4 Nc6 5. Qd1 Nf6 6. Nc3 g6 7. Nf3 Bg7 8. h3 O-O 9. Be3 Re8 10. Bd3 Nb4 11. Nd4 Nxd3+ 12. Qxd3 Nd7 13. O-O-O a5 14. h4 a4 15. f3 a3 16. b3 c6 17. h5 Nc5 18. Qd2 Qa5 19. hxg6 hxg6 20. Bh6 Bh8 21. g4 Ne6 22. Be3 Bg7 23. Kc2 Bd7 24. Nf5 gxf5 25. gxf5 Bxc3 26. Qxc3 Qxc3+ 27. Kxc3 Kf8 28. f6 1-0

[Event "Ontario op"]
[Site "Brantford CAN"]
[Date "2025.05.19"]
[Round "6"]
[White "Zhuoyuan Xu, Ryan"]
[Black "Ivanchuk, serghii"]
[Result "1/2-1/2"]
[WhiteElo "2042"]
[BlackElo "2119"]
[WhiteFideId "-1"]
[WhiteFideId "-1"]
[PlyCount "64"]
[GameId "2190638846871967"]
[EventDate "2025.05.17"]
[EventType "swiss"]
[EventRounds "6"]
[EventCountry "CAN"]

{[%evp 0,64,15,23,18,22,24,11,25,12,12,13,12,18,33,16,7,21,23,-148,37,48,61,66,47,55,52,44,50,70,69,77,59,61,61,60,51,13,4,81,9,17,27,90,-1,21,1,-1,1,-1,-1,-1,-1,-19,-1,1,-1,-1,1,1,1,1,-1,-1,1,1,1]} 1. d4 Nf6 2. c4 e6 3. Nf3 d5 4. g3 Be7 5. Bg2 O-O 6. O-O c6 7. Nfd2 Nbd7 8. Nc3 Re8 9. e4 dxe4 10. Ndxe4 Nxe4 11. Nxe4 Nf6 12. Re1 Nxe4 13. Rxe4 Bf6 14. Bf4 b6 15. Be5 Bb7 16. Re3 Qe7 17. Qa4 Bxe5 18. dxe5 c5 19. Bxb7 Qxb7 20. Rd1 Red8 21. Rxd8+ Rxd8 22. Rd3 Rf8 23. Rd7 Qe4 24. Qxa7 Qb1+ 25. Kg2 Qxb2 26. Qc7 Qxa2 27. Rd8 g6 28. Rxf8+ Kxf8 29. Qd8+ Kg7 30. Qf6+ Kg8 31. Qd8+ Kg7 32. Qf6+ Kg8 1/2-1/2

[Event "Ontario op"]
[Site "Brantford CAN"]
[Date "2025.05.19"]
[Round "6"]
[White "Zian Wang, Nathan"]
[Black "Thong Nguyen, Minh"]
[Result "1/2-1/2"]
[WhiteElo "2099"]
[BlackElo "1971"]
[WhiteFideId "-1"]
[WhiteFideId "-1"]
[PlyCount "137"]
[GameId "2190644891261360"]
[EventDate "2025.05.17"]
[EventType "swiss"]
[EventRounds "6"]
[EventCountry "CAN"]

1. e4 c5 2. Nf3 d6 3. Bb5+ Nd7 4. Ba4 a6 5. c4 Ngf6 6. O-O g6 7. Nc3 Bg7 8. d3 O-O 9. h3 Ne5 10. Bf4 Nc6 11. Bh2 Nd7 12. Bxc6 bxc6 13. Qe2 Rb8 14. e5 dxe5 15. Nxe5 Nxe5 16. Bxe5 Bxe5 17. Qxe5 Qd6 18. Qe3 Bf5 19. Rfd1 Rfd8 20. Na4 Qd4 21. b3 a5 22. Nxc5 h5 23. Qxd4 Rxd4 24. Kf1 Kf8 25. Ke2 e5 26. a3 Ke7 27. Rab1 Ra8 28. Ke3 g5 29. b4 a4 30. f3 Bg6 31. Rb2 Ra7 32. Kd2 h4 33. Ke3 Bf5 34. b5 cxb5 35. cxb5 Rc7 36. b6 Rxc5 37. b7 Rd8 38. b8=Q Rxb8 39. Rxb8 Rc3 40. Rbb1 Rxa3 41. Ra1 Rxa1 42. Rxa1 Bd7 43. d4 Ke6 44. Rc1 exd4+ 45. Kxd4 Kf5 46. Ke3 Be6 47. Rc5+ Kf6 48. Ra5 Bd7 49. Ke4 Kg6 50. Ke5 Be8 51. Kd6 Kf6 52. Kc7 a3 53. Rxa3 Bb5 54. Kd6 Bf1 55. Ra2 Kf5 56. Rf2 Bd3 57. Kd5 Kf4 58. Kd4 Kg3 59. Ke3 Bc4 60. f4 f6 61. fxg5 fxg5 62. Rf5 Kxg2 63. Rxg5+ Kxh3 64. Kf2 Be6 65. Rg6 Bd7 66. Kf3 Kh2 67. Rg2+ Kh3 68. Rd2 Bc6+ 69. Kf4 1/2-1/2

[Event "Ontario op"]
[Site "Brantford CAN"]
[Date "2025.05.19"]
[Round "6.2"]
[White "Plotkin, Mark"]
[Black "Liang, Jason"]
[Result "1/2-1/2"]
[WhiteElo "2350"]
[BlackElo "2378"]
[WhiteFideId "-1"]
[WhiteFideId "-1"]
[PlyCount "65"]
[GameId "2179296412192768"]
[EventDate "2025.05.17"]
[EventType "swiss"]
[EventRounds "6"]
[EventCountry "CAN"]

1. d4 d5 2. c4 e6 3. Nf3 Nf6 4. Nc3 c6 5. e3 Nbd7 6. Bd3 dxc4 7. Bxc4 b5 8. Bb3 b4 9. Ne2 Bb7 10. Ng3 Bd6 11. O-O O-O 12. Bd2 a5 13. Rc1 c5 14. Re1 Rc8 15. Bc2 Bxg3 16. hxg3 Be4 17. Qe2 Qb6 18. Bxe4 Nxe4 19. Rc4 Qb7 20. dxc5 Rxc5 21. Rec1 Rfc8 22. Be1 h6 23. Nd4 Qd5 24. Rxc5 Rxc5 25. Rxc5 Ndxc5 26. a3 e5 27. Nf5 Qd3 28. Qg4 g6 29. Nxh6+ Kg7 30. Qc8 Qd1 31. Qg8+ Kxh6 32. Qh8+ Kg5 33. Qxe5+ 1/2-1/2

[Event "Ontario op"]
[Site "Brantford CAN"]
[Date "2025.05.19"]
[Round "6.3"]
[White "Atanasov, Anthony"]
[Black "Vettese, Nicholas"]
[Result "1-0"]
[WhiteElo "2402"]
[BlackElo "2369"]
[WhiteFideId "-1"]
[WhiteFideId "-1"]
[PlyCount "91"]
[GameId "2179298375127040"]
[EventDate "2025.05.17"]
[EventType "swiss"]
[EventRounds "6"]
[EventCountry "CAN"]

1. d4 d5 2. Bf4 Nf6 3. e3 e6 4. Nf3 Bd6 5. Nbd2 c5 6. dxc5 Bxf4 7. exf4 Qa5 8. c3 Qxc5 9. Bd3 O-O 10. Qe2 b6 11. h4 a5 12. a4 Ba6 13. Bxa6 Nxa6 14. h5 h6 15. Nd4 Qd6 16. g3 Nc5 17. N2f3 Nfe4 18. O-O Rae8 19. Kg2 Kh7 20. Ne5 Qc7 21. Nb5 Qd8 22. Rfd1 Nd6 23. Nxd6 Qxd6 24. Qb5 Qc7 25. Rd4 Rd8 26. Rad1 Nd7 27. Qe2 Kg8 28. c4 Nf6 29. Qf3 dxc4 30. Rxc4 Qa7 31. Rdc1 Qa8 32. Rc6 Nd5 33. Kh2 Rc8 34. f5 Rxc6 35. Rxc6 Qe8 36. b3 Ne7 37. Rc7 exf5 38. Qb7 Nc8 39. Nd7 Nd6 40. Qxb6 Qe2 41. Nxf8 f4 42. Rc3 Ne4 43. Rc8 Qxh5+ 44. Kg2 g6 45. Nxg6+ Kh7 46. Nxf4 1-0

[Event "Ontario op"]
[Site "Brantford CAN"]
[Date "2025.05.19"]
[Round "6.4"]
[White "Dukic, Zachary"]
[Black "Mao, Fengxi"]
[Result "1-0"]
[WhiteElo "2182"]
[BlackElo "2200"]
[WhiteFideId "-1"]
[WhiteFideId "-1"]
[PlyCount "61"]
[GameId "2179298375131136"]
[EventDate "2025.05.17"]
[EventType "swiss"]
[EventRounds "6"]
[EventCountry "CAN"]

1. Nf3 Nf6 2. g3 c5 3. Bg2 Nc6 4. O-O e5 5. e4 d6 6. c3 Nxe4 7. d4 f5 8. dxe5 dxe5 9. Nbd2 Nxd2 10. Nxd2 Be6 11. Qe2 Qc7 12. Nc4 O-O-O 13. Bg5 Be7 14. Bxe7 Bxc4 15. Qxc4 Qxe7 16. Bxc6 bxc6 17. b4 Rd5 18. Rab1 Qc7 19. bxc5 Qa5 20. Rb4 Rhd8 21. Qb3 Qxc5 22. Rb8+ Kd7 23. Rb7+ Ke6 24. Rxg7 R8d7 25. Rxd7 Kxd7 26. Qb7+ Ke6 27. Qxh7 e4 28. Qg6+ Ke5 29. h4 Rd7 30. h5 Qd6 31. f4+ 1-0

[Event "Ontario op"]
[Site "Brantford CAN"]
[Date "2025.05.19"]
[Round "6.5"]
[White "Moses, Neil"]
[Black "Li, Willian"]
[Result "1-0"]
[WhiteElo "2122"]
[BlackElo "2284"]
[WhiteFideId "-1"]
[WhiteFideId "-1"]
[PlyCount "121"]
[GameId "2179298383519744"]
[EventDate "2025.05.17"]
[EventType "swiss"]
[EventRounds "6"]
[EventCountry "CAN"]

1. e4 c5 2. Nf3 d6 3. d4 cxd4 4. Nxd4 Nf6 5. Nc3 a6 6. Be3 e5 7. Nf3 Be7 8. Bc4 Be6 9. Bb3 O-O 10. O-O Nc6 11. Qe2 Na5 12. Rfd1 Nxb3 13. axb3 Qc7 14. Bg5 Ne8 15. Rd2 Bxg5 16. Nxg5 Nf6 17. Rad1 Rad8 18. Nxe6 fxe6 19. Qc4 Qxc4 20. bxc4 Rc8 21. Rxd6 Rxc4 22. Rb6 Nxe4 23. Nxe4 Rxe4 24. Rxb7 Rd4 25. Rd7 Rc8 26. c3 Rxd1+ 27. Rxd1 Kf7 28. Kf1 Kf6 29. Ke2 h5 30. Ra1 Rc6 31. Ra5 h4 32. h3 Kf5 33. Ra4 e4 34. Rb4 Rd6 35. Rd4 Rb6 36. b4 Rc6 37. Kd2 e5 38. Rd8 Rg6 39. Rf8+ Ke6 40. Ke3 Kd5 41. Rc8 Rxg2 42. c4+ Kd6 43. Ra8 g5 44. Rxa6+ Kc7 45. Rg6 Rh2 46. Kxe4 Rxf2 47. Rxg5 Rb2 48. b5 Kd6 49. Rg6+ Kc5 50. Rc6+ Kb4 51. b6 Ka5 52. c5 Re2+ 53. Kd3 Rb2 54. Rc7 Rb3+ 55. Kc4 Rb4+ 56. Kd5 Kb5 57. b7 Ka6 58. c6 Rd4+ 59. Kxe5 Rb4 60. Rc8 Rb5+ 61. Ke4 1-0

[Event "Ontario-ch U16U18"]
[Site "Toronto CAN"]
[Date "2025.05.10"]
[Round "1.1"]
[White "Huang, Sichang"]
[Black "Chen, Larry"]
[Result "0-1"]
[WhiteElo "1564"]
[BlackElo "2092"]
[WhiteFideId "-1"]
[WhiteFideId "-1"]
[PlyCount "54"]
[GameId "2205770669860205"]
[EventDate "2025.05.10"]
[EventType "swiss"]
[EventRounds "5"]
[EventCountry "CAN"]

1. e4 c6 2. d4 d5 3. f3 g6 4. e5 e6 5. Bd3 Qh4+ 6. g3 Qxd4 7. f4 Qb6 8. Nf3 Bd7 9. c4 Bb4+ 10. Bd2 Na6 11. a3 Bc5 12. b4 Bf2+ 13. Kf1 dxc4 14. Bxc4 Nh6 15. Nc3 Ng4 16. Ne4 Be3 17. Qe2 Bxd2 18. Nfxd2 Ne3+ 19. Ke1 Nc2+ 20. Kd1 Nxa1 21. Nf6+ Ke7 22. Qd3 Qc7 23. Nde4 Rad8 24. Nd6 b5 25. Ba2 c5 26. Nb7 Bc6 27. Nxd8 Rxd8 0-1

[Event "Ontario-ch U16U18"]
[Site "Toronto CAN"]
[Date "2025.05.10"]
[Round "1.2"]
[White "Wang, Andy"]
[Black "Guo, Richard"]
[Result "1-0"]
[WhiteElo "2080"]
[BlackElo "1558"]
[WhiteFideId "-1"]
[WhiteFideId "-1"]
[PlyCount "75"]
[GameId "2205770670003566"]
[EventDate "2025.05.10"]
[EventType "swiss"]
[EventRounds "5"]
[EventCountry "CAN"]

1. e4 e6 2. d4 d5 3. Nc3 Ne7 4. Be3 dxe4 5. Nxe4 b6 6. g3 f5 7. Nc3 Bb7 8. Nf3 Nd5 9. Nxd5 Bxd5 10. Bg2 Be7 11. O-O Nd7 12. Re1 O-O 13. b3 c5 14. c4 Be4 15. h4 Qc7 16. Ng5 Bxg2 17. Nxe6 Qb7 18. d5 Bh3 19. Nxf8 Rxf8 20. f3 Bf6 21. Rc1 f4 22. Bxf4 Bf5 23. Qd2 b5 24. Bd6 Rd8 25. Qf4 Bd3 26. Rcd1 Bc2 27. Rd2 Bc3 28. Re7 Bg6 29. Rde2 bxc4 30. bxc4 Qb1+ 31. Kg2 Bd4 32. Rxd7 Qg1+ 33. Kh3 Qh1+ 34. Kg4 h5+ 35. Kg5 Rxd7 36. Kxg6 Qb1+ 37. Re4 Rf7 38. Qxf7+ 1-0

[Event "Ontario-ch U16U18"]
[Site "Toronto CAN"]
[Date "2025.05.10"]
[Round "1.3"]
[White "Aytac-Kuliev, Brian"]
[Black "Xie, Irene"]
[Result "0-1"]
[WhiteElo "1468"]
[BlackElo "2069"]
[WhiteFideId "-1"]
[WhiteFideId "-1"]
[PlyCount "84"]
[GameId "2205770670019951"]
[EventDate "2025.05.10"]
[EventType "swiss"]
[EventRounds "5"]
[EventCountry "CAN"]

1. d4 d5 2. c4 e6 3. Nc3 Nf6 4. Bg5 Be7 5. e3 O-O 6. Nf3 b6 7. cxd5 exd5 8. Bd3 Bb7 9. Qc2 Nbd7 10. O-O c5 11. Rac1 a6 12. Rfd1 c4 13. Be2 b5 14. a3 Bd6 15. Bh4 Re8 16. Bg3 Qe7 17. Bxd6 Qxd6 18. Ra1 Rac8 19. Nd2 Nb6 20. Bf3 Rc7 21. e4 dxe4 22. Ndxe4 Nxe4 23. Bxe4 Bxe4 24. Nxe4 Qg6 25. f3 Nd5 26. Qf2 Rce7 27. Nc3 Nf4 28. Qg3 Qxg3 29. hxg3 Ne2+ 30. Nxe2 Rxe2 31. Rab1 Rc2 32. Re1 Kf8 33. Re4 Rxe4 34. fxe4 Re2 35. Rd1 Rxe4 36. d5 Ke7 37. d6+ Kd7 38. Kf2 Re6 39. Kf3 Rxd6 40. Rxd6+ Kxd6 41. Ke4 Kc5 42. Ke5 a5 0-1

[Event "Ontario-ch U16U18"]
[Site "Toronto CAN"]
[Date "2025.05.10"]
[Round "1.4"]
[White "Gummadi, Bhargav Ram"]
[Black "Ozols, Hantao"]
[Result "0-1"]
[WhiteElo "1964"]
[BlackElo "1270"]
[WhiteFideId "-1"]
[WhiteFideId "-1"]
[PlyCount "72"]
[GameId "2205770670028144"]
[EventDate "2025.05.10"]
[EventType "swiss"]
[EventRounds "5"]
[EventCountry "CAN"]

1. e4 e5 2. Nf3 Nc6 3. d4 exd4 4. Nxd4 Qf6 5. Nf3 Bc5 6. Nc3 h6 7. Nd5 Qd8 8. a3 d6 9. b4 Bb6 10. Nxb6 axb6 11. Bb2 Nf6 12. Nd2 Qe7 13. Bd3 O-O 14. O-O Ne5 15. Bxe5 Qxe5 16. Nc4 Qg5 17. f4 Qg4 18. Qxg4 Bxg4 19. h3 Bd7 20. e5 dxe5 21. Nxe5 Be6 22. c4 Rad8 23. Rf3 Nd7 24. Nxd7 Bxd7 25. f5 f6 26. Re1 Rfe8 27. Rfe3 Rxe3 28. Rxe3 Re8 29. Kf2 Rxe3 30. Kxe3 Kf7 31. Kd4 Ke7 32. Be4 c6 33. a4 Kd6 34. c5+ bxc5+ 35. bxc5+ Kc7 36. a5 Bc8 0-1

[Event "Ontario-ch U16U18"]
[Site "Toronto CAN"]
[Date "2025.05.10"]
[Round "1.5"]
[White "Li, Andrew"]
[Black "Zhuang, Ryan"]
[Result "1-0"]
[WhiteElo "1069"]
[BlackElo "1797"]
[WhiteFideId "-1"]
[WhiteFideId "-1"]
[PlyCount "91"]
[GameId "2205770670028145"]
[EventDate "2025.05.10"]
[EventType "swiss"]
[EventRounds "5"]
[EventCountry "CAN"]

1. e4 e5 2. Nf3 Nc6 3. d4 exd4 4. Nxd4 Bc5 5. Be3 Qf6 6. Nxc6 Bxe3 7. fxe3 Qh4+ 8. Kd2 dxc6 9. Nc3 Be6 10. Qf3 O-O-O+ 11. Bd3 Nf6 12. g3 Qh6 13. Rae1 c5 14. Kc1 c4 15. Be2 Rhe8 16. Qf4 g5 17. Qe5 Kb8 18. Nb5 Rc8 19. Qc5 b6 20. Qa3 a5 21. Nd4 Nxe4 22. Nc6+ Kb7 23. Qa4 Ra8 24. Bf3 f5 25. Nxa5+ bxa5 26. Qb5+ Kc8 27. Qxe8+ Kb7 28. Qb5+ Kc8 29. g4 Nd6 30. Qe5 Ra6 31. Qh8+ Kd7 32. gxf5 Nxf5 33. Bb7 Rd6 34. Rd1 g4 35. Qc8+ Ke7 36. Qxc7+ Bd7 37. Rhe1 Rxd1+ 38. Rxd1 Qxe3+ 39. Kb1 Qe6 40. Bc8 Nd6 41. Bxd7 Qe5 42. Bxg4+ Ke8 43. Rxd6 Qe1+ 44. Rd1 Qh4 45. Bh5+ Kf8 46. Qf7# 1-0

[Event "Ontario-ch U16U18"]
[Site "Toronto CAN"]
[Date "2025.05.10"]
[Round "1.8"]
[White "Yang, Ryan"]
[Black "Su, Marcus"]
[Result "0-1"]
[WhiteElo "1623"]
[BlackElo "1598"]
[WhiteFideId "-1"]
[WhiteFideId "-1"]
[PlyCount "92"]
[GameId "2205770670151028"]
[EventDate "2025.05.10"]
[EventType "swiss"]
[EventRounds "5"]
[EventCountry "CAN"]

1. e4 c5 2. Nf3 d6 3. d4 cxd4 4. Nxd4 Nf6 5. Nc3 g6 6. Be3 Bg7 7. Be2 O-O 8. O-O Bd7 9. Qd2 Nc6 10. f3 Qc7 11. Nxc6 bxc6 12. Bh6 Bxh6 13. Qxh6 Qb6+ 14. Kh1 Qxb2 15. Qd2 Qb4 16. Qd3 Nh5 17. a3 Qa5 18. Qe3 Nf4 19. Bc4 Ne6 20. Ne2 Qa4 21. Bb3 Qa5 22. Rfd1 Nc5 23. Nd4 Nxb3 24. cxb3 c5 25. Ne2 Rab8 26. Nf4 Bc6 27. Nh3 Bd7 28. Nf4 Bc6 29. Nh3 Rb7 30. Qh6 Qc3 31. Rdc1 Qd4 32. Ng5 Qg7 33. Qxg7+ Kxg7 34. b4 Rb5 35. bxc5 dxc5 36. Rc3 Rc8 37. h4 Bd7 38. Rd1 Rc7 39. Kh2 h6 40. Nh3 Bxh3 41. Kxh3 Kf6 42. Rd5 e6 43. Rd6 Ke5 44. Rd2 c4 45. Rdc2 Kd4 46. Kg3 Rcc5 0-1